Les titres musicaux n°1 en France en 2017 - Statistiques

Statistiques générales
  • Ce quiz a été pris 199 fois
  • Le résultat moyen est 7 sur 13
Statistiques - réponses
Titre Interprète % Correct
Shape of you Ed Sheeran
97%
Perfect Ed Sheeran
97%
Réseaux Niska
88%
Despacito Luis Fonsi & Daddy Yankee
78%
I feel it coming The Weeknd & Daft Punk
76%
Mwaka Moon Kalash & Damso
66%
Je te promets Johnny Hallyday
43%
Petite fille Booba
41%
Feels Calvin Harris, Pharrell Williams, Katy Perry, Big Sean
31%
Runnin' Naughty Boy, Beyoncé, Arrow Benjamin
31%
Katchi Ofenbach & Nick Waterhouse
25%
La vie est belle Indochine
18%
No roots Alice Merton
13%
Aucun quiz correspondant
Distribution des résultats
% des personnes avec chaque résultat
Percentile par nombre de réponses
Votre historique - résultats
Vous n’avez pas pris ce quiz